Les joueurs ayant remportés le plus de LDC - Statistiques

Statistiques générales
  • Ce quiz a été pris 640 fois
  • Le résultat moyen est 18 sur 50
Statistiques - réponses
Nombre de LDC Joueurs % Correct
5 Ronaldo
99%
4 Messi
95%
5 Benzema
91%
5 Modric
91%
5 Kroos
83%
4 Ramos
77%
4 Xavi
74%
5 Bale
73%
4 Iniesta
73%
5 Marcelo
72%
5 Carvajal
71%
5 Casemiro
66%
4 Varane
62%
3 Casilla
58%
4 Pique
58%
3 Navas
52%
3 Busquets
50%
3 Pepe
49%
3 Puyol
48%
5 Maldini
44%
3 Alves
41%
5 Isco
40%
5 Nacho
38%
4 Eto'o
36%
3 Casillas
34%
3 Valdes
33%
5 Di Stefano
32%
4 Seedorf
25%
3 Pedro
24%
3 Raul
23%
6 Gento
21%
4 Vazquez
20%
4 Alonso
13%
3 Carlos
12%
4 Kovacic
11%
3 Baresi
9%
3 Hierro
6%
3 Morientes
6%
5 Costacurta
4%
3 Guti
4%
5 Marquitos
1%
5 Mateos
1%
4 Neal
1%
3 Redondo
1%
5 Rial
1%
5 Zarraga
1%
4 Joseto
0%
5 Lesmes II
0%
4 Santamaria
0%
4 Santisteban
0%
Aucun quiz correspondant
Distribution des résultats
% des personnes avec chaque résultat
Percentile par nombre de réponses
Votre historique - résultats
Vous n’avez pas pris ce quiz